000 00394nam a22001337a 4500
020 _a9788131770160
040 _cNUST
082 _a005.8 CON
100 _aConvery, Sean
_968577
245 _aNetwork Security Architectures:
_bExpert Guidance on Designing Secure Networking
260 _aNew Dehli:
_bPearson,
_c2012.
650 _aNetworking Security Architectures
_9112188
942 _2ddc
_cBK
999 _c594619
_d594619